00261nam a22000857a 4500008004100000082002000041245008900061260001700150300000800167230704b xxu||||| |||| 00| 0 eng d a362.7bUNI 1993 aAchieving the Goals for ChildrenbJoint Africa and Middle East Regional Consultation bUNICEFc1993 a51p